| Tag |
First Indicator |
Second Indicator |
Subfields |
| LEADER |
00000cam a2200000 4500 |
| 001 |
in00000077451 |
| 005 |
20151008052744.0 |
| 008 |
730122s1938 nyu b 00000 eng u |
| 010 |
|
|
|a 38030190
|
| 035 |
|
|
|a (OCoLC)00544178
|
| 035 |
|
|
|9 AAH4746AM
|
| 040 |
|
|
|c CSU
|d TXA
|d UtOrBLW
|
| 049 |
|
|
|a TXAM
|c 2 [96783]
|
| 050 |
|
0 |
|a HF5415
|b .H77
|
| 082 |
0 |
|
|a 380.12
|
| 092 |
|
|
|a 380.12
|b H832m
|
| 100 |
1 |
|
|a Hotchkiss, George Burton,
|d 1884-1953.
|
| 245 |
1 |
0 |
|a Milestones of marketing ;
|b a brief history of the evolution of market distribution /
|c by George Burton Hotchkiss...
|
| 264 |
|
1 |
|a New York :
|b Macmillan,
|c 1938.
|
| 300 |
|
|
|a xvi, 305p. ;
|c 22cm.
|
| 336 |
|
|
|a text
|b txt
|2 rdacontent
|
| 337 |
|
|
|a unmediated
|b n
|2 rdamedia
|
| 338 |
|
|
|a volume
|b nc
|2 rdacarrier
|
| 500 |
|
|
|a "First printing."
|
| 504 |
|
|
|a "Sources and references" at end of each chapter.
|
| 650 |
|
0 |
|a Marketing
|x History.
|
| 740 |
0 |
|
|a Market distribution, The evolution of.
|
| 999 |
|
|
|a MARS
|
| 999 |
f |
f |
|s 3078ed4e-4de6-3319-bddf-345537a04fcc
|i 8573bbd9-c231-3ddf-9ede-5fd0b1b51916
|t 0
|
| 952 |
f |
f |
|p ric
|a Texas A&M University
|b Rellis Campus
|c Joint Library Facility
|s JLF
|d Remote Storage
|t 0
|e HF5415 .H77
|h Library of Congress classification
|i unmediated -- volume
|m A14800871783
|
| 998 |
f |
f |
|a HF5415 .H77
|t 0
|l Remote Storage
|